00886nam a22002295i 4500001000700000003000900007005001700016008004100033040002000074100002700094245004900121260004400170300003500214490004800249650003400297700003900331752002500370830005600395852006000451999001900511952012600530168049ES-MaACL20230906213651.0051004s1867 gw |||| | eng d aCAM bspa cCAM1 aYates, Edmund.913398510aBlack sheep b: a novel / cby Edmund Yates. aLeipzig : bBernhard Tauchnitz, c1867. a2 v. (328 ; 327 p.) ; c16 cm.1 aCollection of british authors ; v892 ; 893 7aNovela inglesa2embne91374081 aTauchnitz, Bernhard, eed.9162210 aAlemania - dLeipzig0 aCollection of british authors ; v892 ; 8939180703 aES-MaACLjG-11980 z-- Enc. hol. z-- Enc. 2 t. en 1 v. c168049d168049 001040708LIBXIXaATENEOMbATENEOMcSPP3d2008-01-17eSSCl0oG-11980p1176304r2023-02-23 00:00:00w2023-02-23yMONANT